000 00812nam a22002417a 4500
001 BD-DhSAU 1668
003 BD-DhSAU
005 20150120111258.0
008 150119s1960 ja a|||| b||| 001 0 eng d
040 _aBD-DhSAU
082 _222
_a519.201
_bPAM
100 _aParzen, Emanuel
245 _aModern probability theory and its applications /
_cby Emanuel Parzen.
250 _aWiley International ed.
260 _aNew York ; London :
_bToppan Com. ,
_cc1960.
300 _axiv, 464 p. :
_bill. ;
_c21 cm.
504 _aIncludes bibliographical references and index.
590 _aMukta
650 _aProbabilities.
650 _aStatistics.
650 _aOperations Research.
856 _uhttps://www.worldcat.org/title/modern-probability-theory-and-its-applications/oclc/345248&referer=brief_results
942 _2ddc
_cBOOK
999 _c1668
_d1668